| 000 | 00635nam a2200157 i 4500 | ||
|---|---|---|---|
| 001 | 46092 | ||
| 003 | ES-MaACL | ||
| 005 | 20230906161328.0 | ||
| 007 | t| | ||
| 008 | 030327s1891 sp ||||1| spa d | ||
| 100 | 1 |
_aConcha Castañeda, Juan de la. _940074 |
|
| 245 | 1 | 0 |
_aMemoria elevada al Excmo. Sr. Ministro de Gracia y Justicia en la solemne apertura de los Tribunales el día 15 de septiembre de 1891 / _cpor el fiscal del Tribunal Supremo Juan de la Concha Castañeda. |
| 260 |
_aMadrid : _b[s.n.], _c1891 ( _fImpr. del Ministerio de Gracia y Justicia) |
||
| 300 |
_a59 p., [1] h. pleg. ; _c27 cm. |
||
| 852 |
_aES-MaACL _jT-504-F-9 |
||
| 999 |
_c46092 _d46092 |
||